000 00746nam a2200217Ia 4500
003 OSt
005 20220923221532.0
006 a|||||r|||| 00| 0
007 ta
008 220922b |||||||| |||| 00| 0 hin d
024 _a197,948
037 _cTextual
040 _aARTS
_cARTS
_bhin
041 _2hin
_ahin
082 _aO1528:1:90Y1:351, 152J7
100 _aसामर, देवीलाल; वर्मा, गंडाराम
_9165421
245 0 _aराजस्थान का लोकसंगीत
246 _aRājasthān kā lokasangīta
942 _hO1528:1:90Y1:351, 152J7
_cTEXL
_2CC
999 _c349818
_d349818